Pracovná zmluva a jej náležitosti

Proces uzatvárania pracovnej zmluvy podľa par. 244 Zákonníka práce. Povinnosti zamestnávateľa pred uzavretím pracovnej zmluvy. Ďalšie podmienky dojednané v pracovnej zmluve. Vzorová pracovná zmluva.

Salvato in:
Dettagli Bibliografici
Autore principale: Lošonský, Ivan
Natura: Capitolo di libro
Lingua:slovacco
Soggetti:
Tags: Aggiungi Tag
Nessun Tag, puoi essere il primo ad aggiungerne!!

MARC

LEADER 00000naa a2200000 4500
001 r036241
005 20230911130745.1
041 0 |a slo 
044 |a SK 
245 1 0 |a Pracovná zmluva a jej náležitosti  |c Ivan Lošonský 
520 |a Proces uzatvárania pracovnej zmluvy podľa par. 244 Zákonníka práce. Povinnosti zamestnávateľa pred uzavretím pracovnej zmluvy. Ďalšie podmienky dojednané v pracovnej zmluve. Vzorová pracovná zmluva. 
610 2 0 |a zmluvy pracovné 
610 2 0 |a zákonník práce 
610 2 0 |a vzťahy pracovnoprávne 
610 2 0 |a zamestnávatelia 
610 2 0 |a zamestnanci 
610 2 0 |a zákony 
610 2 0 |a Slovensko 
100 1 |a Lošonský, Ivan